Guide to training resources (Record no. 500014)

000 -LEADER
fixed length control field 00362cam a22001097a 4500
008 - FIXED-LENGTH DATA ELEMENTS--GENERAL INFORMATION
fixed length control field 180718b1970 xxu||||| |||| 00| 0 eng d
082 ## - DEWEY DECIMAL CLASSIFICATION NUMBER
Classification number K5x73 Un3gu
245 ## - TITLE STATEMENT
Title Guide to training resources
Statement of responsibility, etc. by Civil Service Commission, United States
260 ## - PUBLICATION, DISTRIBUTION, ETC.
Place of publication, distribution, etc. Washington
Name of publisher, distributor, etc. Government Printing Office
Date of publication, distribution, etc. 1970
300 ## - PHYSICAL DESCRIPTION
Extent 8p.
700 ## - ADDED ENTRY--PERSONAL NAME
Personal name United States. Civil Service Commission
Holdings
Withdrawn status Lost status Damaged status Not for loan Permanent Location Current Location Date acquired Full call number Barcode Date last seen Price effective from Koha item type
        Indian Institute of Public Administration Indian Institute of Public Administration 2018-08-04 K5x73 Un3gu G10872 2018-08-04 2018-08-04 G

Powered by Koha